Statistiques concernant 2018 Coupe du Monde de la FIFA - 16 équipes finales

Cliquez ici pour prendre le quiz!

Statistiques générales

  • Ce quiz a été pris 412 fois
  • Le résultat moyen est 14 sur 16

Statistiques - réponses

pays% Correct
France
99%
Belgique
98%
Croatie
97%
Argentine
96%
Brésil
95%
Espagne
95%
Portugal
94%
Angleterre
93%
Uruguay
92%
Russie
87%
Japon
82%
Danemark
80%
Suisse
75%
Mexique
71%
Suède
71%
Colombie
70%

Distribution des résultats

Percentile par nombre de réponses

% des personnes avec chaque résultat

Votre développement - résultats

Vous n’avez pas pris ce quiz